Psychology: (Record no. 12752)

MARC details
000 -LEADER
fixed length control field 00531nam a22002057a 4500
003 - CONTROL NUMBER IDENTIFIER
control field mut
005 - DATE AND TIME OF LATEST TRANSACTION
control field 20240606081234.0
008 - FIXED-LENGTH DATA ELEMENTS--GENERAL INFORMATION
fixed length control field 171004b xxu||||| |||| 00| 0 eng d
020 ## - INTERNATIONAL STANDARD BOOK NUMBER
International Standard Book Number 9780176424084
040 ## - CATALOGING SOURCE
Transcribing agency mut
050 ## - LIBRARY OF CONGRESS CALL NUMBER
Classification number BF121
Item number .L55 2008
100 ## - MAIN ENTRY--PERSONAL NAME
Personal name Lindsay, D. Stephen
245 ## - TITLE STATEMENT
Title Psychology:
Remainder of title the adaptive mind
250 ## - EDITION STATEMENT
Edition statement 3rd Canadian ed.
260 ## - PUBLICATION, DISTRIBUTION, ETC.
Place of publication, distribution, etc. Australia
Name of publisher, distributor, etc. Thomson Nelson
Date of publication, distribution, etc. c2008
650 ## - SUBJECT ADDED ENTRY--TOPICAL TERM
Topical term or geographic name entry element Psychology
Form subdivision Textbooks
700 ## - ADDED ENTRY--PERSONAL NAME
Personal name Paulhus, Delroy S.
700 ## - ADDED ENTRY--PERSONAL NAME
Personal name Nairne, James S.
942 ## - ADDED ENTRY ELEMENTS (KOHA)
Source of classification or shelving scheme Library of Congress Classification
Koha item type Books
Holdings
Withdrawn status Lost status Source of classification or shelving scheme Damaged status Not for loan Home library Current library Shelving location Date acquired Source of acquisition Total checkouts Full call number Barcode Date last seen Price effective from Koha item type
    Library of Congress Classification     Murang'a University of Technology Library Murang'a University of Technology Library General stacks 04/10/2017 Donation-TFC   BF121 .L55 2008 013322 30/08/2024 04/10/2017 Books